El momento actual de la cooperación e integración latinoamericana

שמור ב:
מידע ביבליוגרפי
מחבר ראשי: Barros Charlín, Raymundo (Author)
פורמט: ספר
שפה:ספרדית
יצא לאור: Santiago Universitaria 1978
סדרה:Estudios Internacionales. Nuevas Perspectivas de la Integración Latinoamericana, 4
נושאים:
תגים: הוספת תג
אין תגיות, היה/י הראשונ/ה לתייג את הרשומה!

MARC

LEADER 00000nam a2200000 a 4500
001 UCV0485
003 CL-VaPUC
008 880928e19780000CL |||||||||||||||||spa|d
082 0 4 |a 341.7  |b BAR  |2 21 
100 |a Barros Charlín, Raymundo  |e author  |9 294971 
245 1 3 |a El momento actual de la cooperación e integración latinoamericana 
300 |a 179 p 
942 |c BK 
945 |d 19880928 00:00:00 
260 |a Santiago  |b Universitaria  |c 1978 
600 0 7 |a ALALC  |2 CL-VaPUC  |9 294972 
650 0 |a Integración económica  |9 255024 
651 0 |a América Latina   |9 255027 
583 |a last modification  |c 20161205 03:54:09  |k Rodrigo Vera 
490 0 |a Estudios Internacionales. Nuevas Perspectivas de la Integración Latinoamericana, 4 
999 |c 208924  |d 208922 
952 |0 0  |1 0  |4 0  |6 341_700000000000000_BAR_1978  |7 0  |8 A  |9 183931  |a BIBDER  |b BIBDER  |d 2019-11-14  |i 2508508  |o 341.7 BAR 1978  |p 2508508  |r 2023-01-25  |w 2019-11-14  |y BK  |k DER 
952 |0 0  |1 0  |4 0  |6 341_700000000000000_BAR_1978  |7 0  |8 A  |9 183932  |a BIBDER  |b BIBDER  |d 2019-11-14  |i 1825569  |o 341.7 BAR 1978  |p 1825569  |r 2023-01-25  |w 2019-11-14  |y BK  |k DER 
952 |0 0  |1 0  |4 0  |6 341_700000000000000_BAR_1978  |7 0  |8 A  |9 183933  |a BIBENE  |b BIBENE  |d 2019-11-14  |i 1996738  |o 341.7 BAR 1978  |p 1996738  |r 2025-01-15  |w 2019-11-14  |y BK  |k ICO